00614nam a22001931 4500001001300000003000400013005001700017008004100034010001700075025002000092043001200112050001900124110003200143245009300175260006800268300001800336500001700354651004900371sa 68016689 DLC20260227112656.0710414s1967 io 00010 eng  asa 68016689  aPL480:Indo-7155 aa-io---0 aUA853.I5bA51210aIndonesia.bAngkatan Darat.1 aThe truth of civic mission, as carried out by Indonesia's Armed Forces is no militarism.1 a[Djakarta]bDept. of Information, Republic of Indonesiac[1967] a62 l.c33 cm. aCover title. 0aIndonesiaxArmed ForcesxPolitical activity.